000 00670nam a2200229Ia 4500
003 OSt
005 20220923220323.0
006 a|||||r|||| 00| 0
007 ta
008 220922b |||||||| |||| 00| 0 hin d
024 _a185,958
037 _cTextual
040 _aARTS
_cARTS
_bhin
041 _2hin
_ahin
082 _aY173(P15):1'N, 152K5
100 _aभगवदत्त
_9156280
245 0 _aभारतीय संस्कृति का इतिहास
246 _aBhāratīya sanskṛuti kā itihāsa
260 _c1965
942 _hY173(P15):1'N, 152K5
_cTEXL
_2CC
999 _c339203
_d339203